| 000 | 00784nam a2200205 a 4500 | ||
|---|---|---|---|
| 001 | 000033846 | ||
| 005 | 20200930070551.0 | ||
| 008 | 110913s2009 es 000 0 spa d | ||
| 020 | _a9788498442021 | ||
| 040 |
_aDO-SdBNP _bspa _cBNPHU |
||
| 100 | 1 |
_aPortillo Valdés, José María _959262 |
|
| 245 | 1 | 3 |
_aLa vida atlántica de Victorián de Villava / _cIntroducción y selección documental de José M. Portillo Valdés. |
| 260 |
_aMadrid : _bEdiciones Doce Calle _bFundación Mapfre, _c2009. |
||
| 300 |
_a169 p. ; _c22 cm. |
||
| 490 | 1 | _v24 | |
| 500 | _aPublicaciones del programa Iberoamérica : 200 años de convivencias independiente | ||
| 700 | 1 |
_aPortillo Valdéz, José M. _959263 |
|
| 830 | 0 |
_aPrisma histórico, Viejos documentos, Nuevas lecturas _959264 |
|
| 049 | _aBNPD | ||
| 999 |
_c33337 _d33337 |
||